000 00877nam a22002177a 4500
999 _c1189
_d1189
008 160303b xxu||||| |||| 00| 0 eng d
020 _a978-0-7817-6584-8 (hb.)
082 _22010
_aDC 610.7343
_bAl5c
100 _93381
_aAllender, Judith A.
245 _aCommunity health nursing :
_bpromoting and protecting the public's health/
_cJudith A. Allender, Cherie Rector, Kristine D. Warner.
250 _a7th edition
260 _aPhiladelphia :
_bWolters Kluwer Health/Lippincott Williams & Wilkins,
_cc2010.
300 _axxv, 930 pages :
_b illustrations (chiefly col.) ;
_c29 cm.
500 _aIncludes bibliographical references and index.
650 0 _93384
_aCommunity health nursing.
650 0 _93385
_aPublic health nursing.
650 0 _93386
_aHealth promotion.
700 _93382
_aRector, Cherie L.
700 _93383
_aWarner, Kristine D.
942 _2ddc
_cDC